000
00445nam a2200145Ia 4500
008
090124s9999 xx 000 0 und d
082
_b
300921
245
_a
त्यागमूर्ती
250
_a
1
260
_b
अभ्यंकर कुसुम / कुलकर्णी सुधा
_c
1982
300
_a
208
630
_a
त्यागमूर्ती
730
_a
त्यागमूर्ती
942
_c
BOOK
999
_c
190475
_d
190475